Bernstein's handbook of arbitration and dispute resolution practice (Record no. 103196)

MARC details
000 -LEADER
fixed length control field 01919cam a2200469 4500
008 - FIXED-LENGTH DATA ELEMENTS--GENERAL INFORMATION
fixed length control field 031112n2003 000 0 eng u
020 ## - INTERNATIONAL STANDARD BOOK NUMBER
International Standard Book Number 0421757604
035 ## - SYSTEM CONTROL NUMBER
System control number (Sirsi) u124305
041 ## - LANGUAGE CODE
Language code of text/sound track or separate title eng
050 ## - LIBRARY OF CONGRESS CALL NUMBER
Classification number 347.4109
-- 18
100 ## - MAIN ENTRY--PERSONAL NAME
Personal name Tackaberry, John
245 ## - TITLE STATEMENT
Title Bernstein's handbook of arbitration and dispute resolution practice
Remainder of title vol 1
250 ## - EDITION STATEMENT
Edition statement 4th ed.
260 ## - PUBLICATION, DISTRIBUTION, ETC.
Place of publication, distribution, etc. London
Name of publisher, distributor, etc. Sweet & Maxwell
Date of publication, distribution, etc. 2003
260 ## - PUBLICATION, DISTRIBUTION, ETC.
Place of publication, distribution, etc. London
Name of publisher, distributor, etc. Chartered Institute of Arbitrators
Date of publication, distribution, etc. 2003
300 ## - PHYSICAL DESCRIPTION
Extent lxxxviii, 1194p.
Dimensions 26cm.
505 ## - FORMATTED CONTENTS NOTE
Formatted contents note Part 1: Introduction
505 ## - FORMATTED CONTENTS NOTE
Formatted contents note Part 2: General principles
505 ## - FORMATTED CONTENTS NOTE
Formatted contents note Part 3: Agricultural property arbitrations
505 ## - FORMATTED CONTENTS NOTE
Formatted contents note Part 4: ADR in civil and commercial disputes
505 ## - FORMATTED CONTENTS NOTE
Formatted contents note Part 5: Adjudication
505 ## - FORMATTED CONTENTS NOTE
Formatted contents note Part 6: Construction industry arbitrations
505 ## - FORMATTED CONTENTS NOTE
Formatted contents note Part 7: Dispute boards
505 ## - FORMATTED CONTENTS NOTE
Formatted contents note Part 8: Documents-only arbitrations in consumer disputes
505 ## - FORMATTED CONTENTS NOTE
Formatted contents note Part 9: International commercial arbitrations
505 ## - FORMATTED CONTENTS NOTE
Formatted contents note Part 10: Investment treaty arbitration
505 ## - FORMATTED CONTENTS NOTE
Formatted contents note Part 11: Maritime arbitrations
505 ## - FORMATTED CONTENTS NOTE
Formatted contents note Part 12: Online dispute resolution
505 ## - FORMATTED CONTENTS NOTE
Formatted contents note Part 13: Rent review and property valuation
505 ## - FORMATTED CONTENTS NOTE
Formatted contents note Part 14: Small claims in the county court
505 ## - FORMATTED CONTENTS NOTE
Formatted contents note Part 15: Sport
505 ## - FORMATTED CONTENTS NOTE
Formatted contents note Part 16: Commodity trade arbitration
505 ## - FORMATTED CONTENTS NOTE
Formatted contents note Part 17: Dispute settlement in WTO law
505 ## - FORMATTED CONTENTS NOTE
Formatted contents note Part 18: Disciplinary tribunals for the legal profession
650 ## - SUBJECT ADDED ENTRY--TOPICAL TERM
Topical term or geographic name entry element MANAGEMENT-DISPUTE AVOIDANCE, MANAGEMENT AND RESOLUTION-DISPUTE MANAGEMENT AND RESOLUTION-ARBITRATION
650 ## - SUBJECT ADDED ENTRY--TOPICAL TERM
Topical term or geographic name entry element MANAGEMENT-DISPUTE AVOIDANCE, MANAGEMENT AND RESOLUTION-DISPUTE MANAGEMENT AND RESOLUTION-ALTERNATIVE DISPUTE RESOLUTION-ADJUDICATION
650 ## - SUBJECT ADDED ENTRY--TOPICAL TERM
Topical term or geographic name entry element ALTERNATIVE DISPUTE RESOLUTION
650 ## - SUBJECT ADDED ENTRY--TOPICAL TERM
Topical term or geographic name entry element INTERNATIONAL ARBITRATION
690 ## - LOCAL SUBJECT ADDED ENTRY--TOPICAL TERM (OCLC, RLIN)
Topical term or geographic name as entry element DISPUTE RESOLUTION
9 (RLIN) 6236
700 ## - ADDED ENTRY--PERSONAL NAME
Personal name Marriott, Arthur
942 ## - ADDED ENTRY ELEMENTS (KOHA)
Suppress in OPAC 0

No items available.